00378nam a2200109Ia 4500008004100000082000800041100001400049245008700063942000600150952009700156999001500253240331s9999 xx 000 0 und d bBHO aBhoite, A 0aWomen employees and rural development :bproblems of employed women in rural areas cL 001040708LaWERCLbWERCLcSSCd2024-03-31l0o 331.4 BHOp1470r2024-03-31w2024-03-31yL c2625d2625